[Event "Bremen-ch op"]
[Site "Bremen"]
[Date "2014.04.16"]
[Round "5"]
[White "Doescher, Arne"]
[Black "Margraf, Daniel"]
[Result "0-1"]
[WhiteElo "2251"]
[BlackElo "2223"]
[PlyCount "172"]
[EventDate "2014.04.14"]
[EventType "swiss"]
[EventRounds "9"]
[EventCountry "GER"]
[SourceTitle "EXT 2018"]
[Source "ChessBase"]
[SourceDate "2017.10.13"]
[SourceVersion "1"]
[SourceVersionDate "2017.10.13"]
[SourceQuality "1"]

1. Nf3 g6 2. d4 Nf6 3. Nbd2 d5 4. e3 Bg7 5. Bd3 0-0 6. 0-0 Nbd7 7. Qe2 c5 8. c3 Qc7 9. Re1 Re8 10. e4 e5 11. dxc5 Nxc5 12. Bb5 dxe4 13. Ng5 Bf5 14. Bxe8 Rxe8 15. Qc4 Re7 16. Nb3 Nd3 17. Qxc7 Rxc7 18. Re2 h6 19. Nh3 Nd5 20. Be3 Bg4 21. Rd2 b6 22. Nc1 Nxe3 23. fxe3 Bxh3 24. gxh3 Ne1 25. Rd8+ Bf8 26. Kf2 Nf3 27. Ne2 Ng5 28. Rad1 a5 29. R1d5 Kg7 30. Rxe5 Nxh3+ 31. Kg2 Ng5 32. Nd4 Bc5 33. h4 Bxd4 34. exd4 Ne6 35. Rd6 Nf4+ 36. Kg3 Nd3 37. Rxe4 Nxb2 38. Rxb6 Rxc3+ 39. Kg2 Nc4 40. Ra6 Rc2+ 41. Kg3 Rxa2 42. d5 Ra3+ 43. Kf4 Nd2 44. Re2 Rf3+ 45. Ke5 Rf5+ 46. Kd4 Nf3+ 47. Kc4 Ne5+ 48. Kc5 Nd3+ 49. Kc4 Rxd5 50. Ra7 Nf4 51. Ree7 Rf5 52. Kd4 Ng2 53. h5 g5 54. Ke4 Rf1 55. Reb7 Rf4+ 56. Ke5 Ne3 57. Rb8 Ng4+ 58. Kd6 Nf6 59. Rbb7 Nxh5 60. Rxa5 Nf6 61. Raa7 Ne4+ 62. Ke7 Nc5 63. Rb6 Re4+ 64. Kd6 Ne6 65. Kd5 Re1 66. Rbb7 Rf1 67. Re7 Rf6 68. Ke5 Nf8 69. Re8 Ng6+ 70. Ke4 g4 71. Rb8 h5 72. Ra5 Rf4+ 73. Ke3 Rf3+ 74. Ke2 h4 75. Rg5 Rf4 76. Ke3 Ra4 77. Rf5 Ra7 78. Rb4 Re7+ 79. Kf2 g3+ 80. Kg2 Re2+ 81. Kf1 g2+ 82. Kg1 h3 83. Kh2 Re1 84. Kxh3 g1Q 85. Rxf7+ Kxf7 86. Rb7+ Ne7 0-1

[Event "Bremen-ch op"]
[Site "Bremen"]
[Date "2014.04.16"]
[Round "4"]
[White "Steffens, Olaf"]
[Black "Doescher, Arne"]
[Result "0-1"]
[WhiteElo "2257"]
[BlackElo "2251"]
[PlyCount "130"]
[EventDate "2014.04.14"]
[EventType "swiss"]
[EventRounds "9"]
[EventCountry "GER"]
[SourceTitle "EXT 2018"]
[Source "ChessBase"]
[SourceDate "2017.10.13"]
[SourceVersion "1"]
[SourceVersionDate "2017.10.13"]
[SourceQuality "1"]

1. b4 e5 2. a3 d5 3. Bb2 Bd6 4. c4 c6 5. Nf3 Nd7 6. cxd5 cxd5 7. Qb3 Ngf6 8. g4 h6 9. Nc3 d4 10. Nb5 Nb6 11. Rc1 Bxg4 12. Rg1 Be6 13. Qd3 0-0 14. Nbxd4 exd4 15. Qxd4 Be7 16. Qh4 Kh8 17. Rc5 Ng4 18. Bxg7+ Kxg7 19. Rxg4+ Bxg4 20. Qxg4+ Kh7 21. e3 Bxc5 22. Qf5+ Kg7 23. Bd3 Bd6 24. Qh7+ Kf6 25. Nd4 Ke7 26. Qe4+ Kd7 27. Qxb7+ Qc7 28. Bb5+ Ke7 29. Qe4+ Kf6 30. Qh4+ Kg6 31. Bd3+ f5 32. Qg4+ Kh7 33. Nxf5 Rxf5 34. Qxf5+ Kg8 35. Qe6+ Kf8 36. Qf6+ Kg8 37. Qe6+ Qf7 38. Qxd6 Rf8 39. f4 Qf6 40. Qc5 Qh4+ 41. Kd1 Qg4+ 42. Ke1 Qg1+ 43. Ke2 Qxh2+ 44. Kf3 Qxd2 45. Qd6 Qd1+ 46. Kf2 Qh5 47. Bg6 Qh4+ 48. Kf3 Qh3+ 49. Ke4 Qg2+ 50. Kd4 Qb2+ 51. Kc5 Qc3+ 52. Kb5 Qc4+ 53. Ka5 Qb3 54. Ka6 Qxa3+ 55. Kb7 Qxe3 56. Bh7+ Kg7 57. Qg6+ Kh8 58. Bg8 Qe7+ 59. Ka6 Rf6 60. Qg4 Qg7 61. Qh4 Nd5+ 62. Kb5 Qxg8 63. Kc5 Qf7 64. b5 Nxf4 65. Qg4 Nd3+ 0-1

[Event "Oberliga Nord W 0809"]
[Site "Germany"]
[Date "2009.03.15"]
[Round "8.3"]
[White "Issing, Peter"]
[Black "Doescher, Arne"]
[Result "1/2-1/2"]
[WhiteElo "2273"]
[BlackElo "2230"]
[PlyCount "20"]
[EventDate "2008.10.05"]
[EventType "team-tourn"]
[EventRounds "9"]
[EventCountry "GER"]
[SourceTitle "EXT 2010"]
[Source "ChessBase"]
[SourceDate "2010.11.25"]
[SourceVersion "1"]
[SourceVersionDate "2010.11.25"]
[SourceQuality "1"]
[WhiteTeam "Bremer SG"]
[BlackTeam "Bremen Nord"]
[WhiteTeamCountry "GER"]
[BlackTeamCountry "GER"]

1. Nf3 Nf6 2. d4 g6 3. c4 Bg7 4. Nc3 0-0 5. e4 d6 6. Be2 Bg4 7. Ng1 Bxe2 8. Ngxe2 Nfd7 9. 0-0 e5 10. Be3 exd4 1/2-1/2

[Event "Oberliga Nord W 0809"]
[Site "Germany"]
[Date "2008.10.26"]
[Round "2.3"]
[White "Doescher, Arne"]
[Black "Lichmann, Peter"]
[Result "1-0"]
[WhiteElo "2230"]
[BlackElo "2375"]
[PlyCount "71"]
[EventDate "2008.10.05"]
[EventType "team-tourn"]
[EventRounds "9"]
[EventCountry "GER"]
[SourceTitle "EXT 2010"]
[Source "ChessBase"]
[SourceDate "2010.11.25"]
[SourceVersion "1"]
[SourceVersionDate "2010.11.25"]
[SourceQuality "1"]
[WhiteTeam "Bremen Nord"]
[BlackTeam "Werder Bremen II"]
[WhiteTeamCountry "GER"]
[BlackTeamCountry "GER"]

1. c4 Nf6 2. Nc3 g6 3. d4 Bg7 4. Nf3 0-0 5. Bf4 d6 6. e3 Nbd7 7. Be2 Re8 8. h3 c6 9. 0-0 a6 10. a3 b5 11. Rc1 Bb7 12. Qc2 Rc8 13. Rfd1 bxc4 14. Bxc4 Nb6 15. Bxf7+ Kxf7 16. Ng5+ Kg8 17. Qb3+ Nfd5 18. Nxd5 cxd5 19. Ne6 Qd7 20. Qxb6 Bc6 21. Nxg7 Kxg7 22. Rc3 Bb5 23. Rdc1 Rxc3 24. Rxc3 Rc8 25. Rxc8 Qxc8 26. Qa7 Kf8 27. Bg5 Bd7 28. b4 Kf7 29. a4 Qc6 30. Qb8 Be8 31. b5 axb5 32. a5 b4 33. a6 Qxa6 34. Qc7 Qa8 35. Qxe7+ Kg8 36. Bh6 1-0

[Event "Oberliga Nord W 0809"]
[Site "Germany"]
[Date "2008.10.05"]
[Round "1.3"]
[White "Bierenbroodspot, Paul"]
[Black "Doescher, Arne"]
[Result "1-0"]
[WhiteElo "2234"]
[BlackElo "2230"]
[PlyCount "59"]
[EventDate "2008.10.05"]
[EventType "team-tourn"]
[EventRounds "9"]
[EventCountry "GER"]
[SourceTitle "EXT 2010"]
[Source "ChessBase"]
[SourceDate "2010.11.25"]
[SourceVersion "1"]
[SourceVersionDate "2010.11.25"]
[SourceQuality "1"]
[WhiteTeam "Nordhorn Blanke"]
[BlackTeam "Bremen Nord"]
[WhiteTeamCountry "GER"]
[BlackTeamCountry "GER"]

1. e4 e6 2. Nf3 d5 3. Nc3 dxe4 4. Nxe4 Nf6 5. Nxf6+ gxf6 6. d4 b6 7. Bb5+ c6 8. Bc4 Bd6 9. Qe2 Bb7 10. Qe4 Qc7 11. Bh6 Nd7 12. Bg7 Rg8 13. Qxh7 0-0-0 14. 0-0-0 b5 15. Be2 Qa5 16. Kb1 c5 17. dxc5 Bxc5 18. c4 bxc4 19. Rxd7 Kxd7 20. Bxf6 Rdf8 21. Ne5+ Kc8 22. Nxc4 Qa4 23. Be5 Rxg2 24. Rc1 Bd5 25. Qh4 Qb4 26. Nd6+ Kb8 27. Qe7 Rfg8 28. Ne8+ Ka8 29. Qd8+ Kb7 30. Qc7+ 1-0

[Event "Oberliga Nord W 0506"]
[Site "Germany"]
[Date "2005.11.13"]
[Round "2.4"]
[White "Boehme, Arne"]
[Black "Doescher, Arne"]
[Result "1/2-1/2"]
[WhiteElo "2146"]
[BlackElo "2222"]
[PlyCount "61"]
[EventDate "2005.10.23"]
[EventType "team-tourn"]
[EventRounds "9"]
[EventCountry "GER"]
[SourceTitle "CBM 111 Extra"]
[Source "ChessBase"]
[SourceDate "2006.05.09"]
[SourceVersion "1"]
[SourceVersionDate "2006.05.09"]
[SourceQuality "1"]
[WhiteTeam "Jever"]
[BlackTeam "Bremen Nord"]
[WhiteTeamCountry "GER"]
[BlackTeamCountry "GER"]

1. e4 e6 2. d4 d5 3. Nc3 dxe4 4. Nxe4 Nf6 5. Bd3 Bd7 6. Nf3 Bc6 7. Qe2 Nbd7 8. 0-0 Be7 9. c3 0-0 10. Ne5 Bxe4 11. Bxe4 Nxe5 12. dxe5 Nxe4 13. Qxe4 c6 14. Be3 Qd5 15. Qf4 Rfd8 16. h4 h6 17. Rfd1 Qb5 18. b3 Qe2 19. Re1 Qh5 20. g3 Rd3 21. Qe4 Rd5 22. f4 Qg4 23. Kf2 a6 24. c4 Rd7 25. Qf3 Qf5 26. Rad1 Rad8 27. Qe2 Bb4 28. Rg1 Bc3 29. Rxd7 Rxd7 30. Rd1 Rxd1 31. Qxd1 1/2-1/2

[Event "Oberliga Nord W 0405"]
[Site "Germany"]
[Date "2005.04.10"]
[Round "9.4"]
[White "Doescher, Arne"]
[Black "Steffens, Olaf"]
[Result "0-1"]
[WhiteElo "2195"]
[BlackElo "2244"]
[PlyCount "62"]
[EventDate "2004.10.24"]
[EventType "team-tourn"]
[EventRounds "9"]
[EventCountry "GER"]
[SourceTitle "EXT 2006"]
[Source "ChessBase"]
[SourceDate "2005.11.24"]
[SourceVersion "1"]
[SourceVersionDate "2005.11.24"]
[SourceQuality "1"]
[WhiteTeam "Bremen Nord"]
[BlackTeam "Bremer SG"]
[WhiteTeamCountry "GER"]
[BlackTeamCountry "GER"]

1. g3 d5 2. Bg2 Nc6 3. c4 d4 4. d3 e5 5. Nf3 Bb4+ 6. Nbd2 a5 7. a3 Be7 8. 0-0 Nf6 9. b3 0-0 10. Rb1 Re8 11. Ne1 Bf5 12. Nc2 Qd7 13. b4 Bh3 14. b5 Nd8 15. Nf3 Bc5 16. e4 dxe3 17. Bxe3 Bxg2 18. Kxg2 Qd6 19. d4 exd4 20. Bxd4 Bxd4 21. Qxd4 Qf8 22. Qb2 Ne6 23. Rfe1 Qc5 24. Re5 Qxc4 25. Ne3 Qa4 26. Rc1 Ng4 27. Nxg4 Qxg4 28. Rxc7 Nf4+ 29. Kg1 Nd3 30. Rg5 Qxg5 31. Qb3 Qf5 0-1

[Event "Oberliga Nord W 0405"]
[Site "Germany"]
[Date "2004.11.14"]
[Round "2.5"]
[White "Zschischang, Gunnar"]
[Black "Doescher, Arne"]
[Result "0-1"]
[WhiteElo "2233"]
[BlackElo "2195"]
[PlyCount "56"]
[EventDate "2004.10.24"]
[EventType "team-tourn"]
[EventRounds "9"]
[EventCountry "GER"]
[SourceTitle "EXT 2006"]
[Source "ChessBase"]
[SourceDate "2005.11.24"]
[SourceVersion "1"]
[SourceVersionDate "2005.11.24"]
[SourceQuality "1"]
[WhiteTeam "Jever"]
[BlackTeam "Bremen Nord"]
[WhiteTeamCountry "GER"]
[BlackTeamCountry "GER"]

1. Nc3 c5 2. Nf3 Nc6 3. d4 cxd4 4. Nxd4 Nf6 5. Bg5 a6 6. Qd2 d6 7. g3 Bd7 8. Bg2 Rc8 9. 0-0 h6 10. Bxf6 gxf6 11. e4 h5 12. Nf5 Qa5 13. Rfe1 Ne5 14. Qe2 e6 15. Ne3 b5 16. f4 Nc4 17. Nxc4 Rxc4 18. Rad1 h4 19. g4 Qc7 20. Bf1 Rc5 21. a3 a5 22. Rd4 Qb6 23. Kh1 b4 24. axb4 axb4 25. Na2 Rxc2 26. Qd3 Rxb2 27. Nc1 e5 28. fxe5 fxe5 0-1

[Event "Oberliga Nord W 0203"]
[Site "Germany"]
[Date "2002.12.15"]
[Round "3.6"]
[White "Rau, Uwe"]
[Black "Doescher, Arne"]
[Result "1-0"]
[WhiteElo "2221"]
[BlackElo "2201"]
[PlyCount "81"]
[EventDate "2002.10.20"]
[EventType "team"]
[EventRounds "9"]
[EventCountry "GER"]
[SourceTitle "EXT 2004"]
[Source "ChessBase"]
[SourceDate "2003.11.25"]
[SourceVersion "1"]
[SourceVersionDate "2003.11.25"]
[SourceQuality "1"]
[WhiteTeam "Oldenburg Union"]
[BlackTeam "Bremen Nord"]
[WhiteTeamCountry "GER"]
[BlackTeamCountry "GER"]

1. e4 c6 2. d4 d5 3. e5 Bf5 4. Ne2 e6 5. Nbc3 f6 6. f4 Bb4 7. a3 Ba5 8. Ng3 Nh6 9. Nxf5 Nxf5 10. Bd3 fxe5 11. dxe5 Qh4+ 12. Ke2 Nd7 13. Bxf5 exf5 14. Qd3 0-0 15. Be3 Qg4+ 16. Kf2 d4 17. Qxd4 Bb6 18. Qc4+ Kh8 19. Bxb6 Nxb6 20. Qd4 Rad8 21. Qe3 Nc4 22. h3 Qg6 23. Qf3 Rd2+ 24. Ne2 Rfd8 25. b3 Nb6 26. Rac1 Qf7 27. Rhe1 Qe7 28. a4 Nd5 29. Kg3 Qc5 30. c3 Nf6 31. Nd4 Ne4+ 32. Kh2 Qf8 33. Ne6 Qe7 34. Nxd8 Rxd8 35. Rcd1 Nd2 36. Qe3 Nxb3 37. Qxa7 Rc8 38. Rd6 c5 39. Qb6 c4 40. Red1 h6 41. Rd8+ 1-0

[Event "Oberliga Nord W 0001"]
[Site "Germany"]
[Date "2001.03.11"]
[Round "7.4"]
[White "Doescher, Arne"]
[Black "Titzhoff, Frank"]
[Result "1-0"]
[WhiteElo "2208"]
[BlackElo "2136"]
[PlyCount "81"]
[EventDate "2000.10.15"]
[EventType "team"]
[EventRounds "9"]
[EventCountry "GER"]
[SourceTitle "EXT 2003"]
[Source "ChessBase"]
[SourceDate "2002.11.25"]
[SourceVersion "1"]
[SourceVersionDate "2002.11.25"]
[SourceQuality "1"]
[WhiteTeam "Bremen Nord"]
[BlackTeam "Hannover SV"]
[WhiteTeamCountry "GER"]
[BlackTeamCountry "GER"]

1. d4 e6 2. Nf3 b6 3. e4 Bb7 4. Bd3 c5 5. c3 Be7 6. 0-0 cxd4 7. cxd4 Nf6 8. Nc3 h6 9. Bf4 Nh5 10. Be3 Nf6 11. Rc1 0-0 12. h3 d6 13. Qe2 Nc6 14. a3 Rc8 15. Nd2 Nd7 16. Qg4 Bg5 17. f4 Bf6 18. Nb5 Be7 19. Qe2 a6 20. Nc3 b5 21. d5 Ncb8 22. dxe6 fxe6 23. Nb3 Nc5 24. Nxc5 dxc5 25. Rcd1 Qe8 26. Qg4 Qc6 27. e5 h5 28. Qg6 Qxg2+ 29. Qxg2 Bxg2 30. Kxg2 b4 31. axb4 cxb4 32. Ne2 a5 33. b3 Bc5 34. Bxc5 Rxc5 35. Bc4 Kf7 36. Nd4 a4 37. Bxe6+ Ke7 38. bxa4 Nc6 39. Nxc6+ Kxe6 40. Rd6+ Kf5 41. Nd4+ 1-0

[Event "Oberliga Nord W 9900"]
[Site "Germany"]
[Date "2000.02.20"]
[Round "6.3"]
[White "Winkelmann, Andreas"]
[Black "Doescher, Arne"]
[Result "0-1"]
[WhiteElo "2185"]
[BlackElo "2210"]
[PlyCount "90"]
[EventDate "1999.10.??"]
[EventType "team"]
[EventRounds "9"]
[EventCountry "GER"]
[SourceTitle "EXT 2003"]
[Source "ChessBase"]
[SourceDate "2002.11.25"]
[SourceVersion "1"]
[SourceVersionDate "2002.11.25"]
[SourceQuality "1"]
[WhiteTeam "Buxtehude"]
[BlackTeam "Bremen Nord"]
[WhiteTeamCountry "GER"]
[BlackTeamCountry "GER"]

1. e4 c5 2. Nc3 Nc6 3. g3 g6 4. Bg2 Bg7 5. d3 e6 6. Be3 Nd4 7. Qd2 Ne7 8. Nd1 e5 9. c3 Ne6 10. c4 Nd4 11. f4 d6 12. Nf3 0-0 13. Nc3 a6 14. 0-0 Rb8 15. Nd5 f6 16. Nxe7+ Qxe7 17. b4 b6 18. fxe5 dxe5 19. Nxd4 cxd4 20. Bf2 f5 21. exf5 gxf5 22. Rae1 Qd6 23. a3 Bb7 24. Qe2 Bxg2 25. Kxg2 Rbe8 26. g4 Qg6 27. Kh1 Qxg4 28. Qxg4 fxg4 29. Kg2 h5 30. c5 bxc5 31. bxc5 Rc8 32. Rc1 Rc6 33. Rc4 Rfc8 34. Rfc1 Kf7 35. h3 Bf8 36. hxg4 hxg4 37. Kg3 Rxc5 38. Kxg4 Rxc4 39. dxc4 Bxa3 40. Ra1 Bb2 41. Rxa6 Rxc4 42. Kf5 d3 43. Ra7+ Ke8 44. Be1 Kd8 45. Ra2 Rc2 0-1

[Event "Oberliga Nord W 9900"]
[Site "Germany"]
[Date "1999.12.12"]
[Round "3.4"]
[White "Doescher, Arne"]
[Black "Wittje, Berthold"]
[Result "1/2-1/2"]
[WhiteElo "2210"]
[BlackElo "2221"]
[PlyCount "25"]
[EventDate "1999.10.??"]
[EventType "team"]
[EventRounds "9"]
[EventCountry "GER"]
[SourceTitle "EXT 2003"]
[Source "ChessBase"]
[SourceDate "2002.11.25"]
[SourceVersion "1"]
[SourceVersionDate "2002.11.25"]
[SourceQuality "1"]
[WhiteTeam "Bremen Nord"]
[BlackTeam "Oldenburg Union"]
[WhiteTeamCountry "GER"]
[BlackTeamCountry "GER"]

1. d4 Nf6 2. c4 e6 3. Nf3 Bb4+ 4. Nbd2 d5 5. a3 Be7 6. Qc2 0-0 7. e4 dxe4 8. Nxe4 Nbd7 9. Bd3 Nxe4 10. Bxe4 Nf6 11. Bd3 b6 12. Be3 Bb7 13. Ng5 1/2-1/2

[Event "Oberliga Nord W 9899"]
[Site "Germany"]
[Date "1999.03.07"]
[Round "7.5"]
[White "Wichmann, Daniel"]
[Black "Doescher, Arne"]
[Result "1/2-1/2"]
[WhiteElo "2185"]
[BlackElo "2155"]
[PlyCount "75"]
[EventDate "1998.10.??"]
[EventType "team"]
[EventRounds "9"]
[EventCountry "GER"]
[SourceTitle "EXT 2003"]
[Source "ChessBase"]
[SourceDate "2002.11.25"]
[SourceVersion "1"]
[SourceVersionDate "2002.11.25"]
[SourceQuality "1"]
[WhiteTeam "Hannover SV"]
[BlackTeam "Bremen Nord"]
[WhiteTeamCountry "GER"]
[BlackTeamCountry "GER"]

1. e4 c6 2. Nc3 d5 3. Qf3 dxe4 4. Nxe4 Nd7 5. d4 Ndf6 6. Bd3 Nxe4 7. Qxe4 Nf6 8. Qe5 g6 9. c3 Bg7 10. Nf3 0-0 11. 0-0 Bg4 12. Qg3 Bxf3 13. Qxf3 Qd5 14. Qxd5 cxd5 15. Re1 e6 16. h3 Rfc8 17. g4 Ne8 18. Bf4 a6 19. Re2 Rc6 20. a4 Bf8 21. Kg2 Bd6 22. Bd2 Bf8 23. Rf1 Nd6 24. f4 Bh6 25. Be1 Nc4 26. b3 Na5 27. Bc2 Rb6 28. b4 Nc4 29. Rf3 f5 30. Bb3 Rc8 31. Bxc4 Rxc4 32. a5 Rd6 33. g5 Bf8 34. h4 h6 35. gxh6 Kh7 36. h5 gxh5 37. Rh3 Kxh6 38. Kf1 1/2-1/2

[Event "Oberliga Nord W 9899"]
[Site "Germany"]
[Date "1999.02.21"]
[Round "6.5"]
[White "Doescher, Arne"]
[Black "Schoenberger, Peter"]
[Result "1/2-1/2"]
[WhiteElo "2155"]
[BlackElo "2085"]
[PlyCount "47"]
[EventDate "1998.10.??"]
[EventType "team"]
[EventRounds "9"]
[EventCountry "GER"]
[SourceTitle "EXT 2003"]
[Source "ChessBase"]
[SourceDate "2002.11.25"]
[SourceVersion "1"]
[SourceVersionDate "2002.11.25"]
[SourceQuality "1"]
[WhiteTeam "Bremen Nord"]
[BlackTeam "Buxtehude"]
[WhiteTeamCountry "GER"]
[BlackTeamCountry "GER"]

1. d4 Nf6 2. c4 g6 3. Nc3 Bg7 4. Nf3 0-0 5. Bf4 d6 6. e3 Nbd7 7. Be2 c5 8. 0-0 a6 9. h3 Qb6 10. Qd2 Re8 11. d5 Qa5 12. a4 Rb8 13. e4 Qc7 14. Rfe1 Ne5 15. Rad1 Nxf3+ 16. Bxf3 Nd7 17. Bg3 Qb6 18. Be2 Qb4 19. f4 Nb6 20. e5 Bf5 21. b3 Qxb3 22. Rb1 Nxc4 23. Rxb3 Nxd2 24. Rb6 1/2-1/2

[Event "Oberliga Nord W 9899"]
[Site "Germany"]
[Date "1998.11.22"]
[Round "2.5"]
[White "Mueller, Oliver"]
[Black "Doescher, Arne"]
[Result "1/2-1/2"]
[WhiteElo "2270"]
[BlackElo "2155"]
[PlyCount "113"]
[EventDate "1998.10.??"]
[EventType "team"]
[EventRounds "9"]
[EventCountry "GER"]
[SourceTitle "EXT 2003"]
[Source "ChessBase"]
[SourceDate "2002.11.25"]
[SourceVersion "1"]
[SourceVersionDate "2002.11.25"]
[SourceQuality "1"]
[WhiteTeam "Werder Bremen II"]
[BlackTeam "Bremen Nord"]
[WhiteTeamCountry "GER"]
[BlackTeamCountry "GER"]

1. d4 Nf6 2. Nf3 g6 3. Bf4 Bg7 4. e3 d6 5. h3 b6 6. Be2 Bb7 7. 0-0 Nbd7 8. c4 Ne4 9. Qc2 0-0 10. Rd1 Re8 11. d5 e5 12. Bh2 f5 13. Nbd2 Nxd2 14. Rxd2 Rf8 15. Rdd1 g5 16. Nd2 f4 17. Ne4 Nc5 18. Nxc5 bxc5 19. Rab1 a5 20. a3 Bc8 21. b4 axb4 22. axb4 cxb4 23. Rxb4 Qf6 24. Bd3 h6 25. c5 Ra5 26. cxd6 cxd6 27. Rc4 Ba6 28. Rc7 Bxd3 29. Qxd3 Ra2 30. e4 Rb8 31. Rb1 Qd8 32. Rbc1 Bf8 33. f3 Rbb2 34. Qf1 Qb8 35. Kh1 Rf2 36. Qg1 Qb2 37. Rb1 Qd2 38. Rd1 Qe2 39. Re1 Qd2 40. Rd1 Qe3 41. Re1 Qa3 42. Rc8 h5 43. Rb1 Rfb2 44. Rxb2 Qxb2 45. Rc1 g4 46. Rb1 Qc2 47. Rc1 Qd3 48. Rd1 Qe2 49. Re1 Qd3 50. Rd1 Qa3 51. Qf1 gxh3 52. gxh3 Be7 53. h4 Qb2 54. Qh3 Ra1 55. Qe6+ Kf8 56. Qh6+ Kg8 57. Qe6+ 1/2-1/2

[Event "Oberliga Nord W 9697"]
[Site "Germany"]
[Date "1996.10.13"]
[Round "1.2"]
[White "Buck, Lars"]
[Black "Doescher, Arne"]
[Result "1/2-1/2"]
[WhiteElo "2190"]
[BlackElo "2170"]
[PlyCount "107"]
[EventDate "1996.10.??"]
[EventType "team"]
[EventRounds "9"]
[EventCountry "GER"]
[SourceTitle "EXT 2003"]
[Source "ChessBase"]
[SourceDate "2002.11.25"]
[SourceVersion "1"]
[SourceVersionDate "2002.11.25"]
[SourceQuality "1"]
[WhiteTeam "Stader SV"]
[BlackTeam "Bremen Nord"]
[WhiteTeamCountry "GER"]
[BlackTeamCountry "GER"]

1. d4 Nf6 2. c4 g6 3. Nc3 Bg7 4. e4 d6 5. f3 0-0 6. Be3 e5 7. d5 Nh5 8. Qd2 f5 9. exf5 gxf5 10. 0-0-0 a6 11. Bd3 Nd7 12. Nge2 Nc5 13. Bc2 b5 14. b4 Nd7 15. c5 a5 16. c6 axb4 17. Nxb5 Nc5 18. Qxb4 Rxa2 19. Nec3 Ra8 20. g3 Ba6 21. Bxc5 dxc5 22. Qxc5 Qg5+ 23. Kb2 Bxb5 24. Nxb5 e4+ 25. Nc3 exf3 26. d6 cxd6 27. Rxd6 Kh8 28. c7 f2 29. Rhd1 Rac8 30. Rd7 Nf6 31. Rd8 Ng8 32. Rxc8 Rxc8 33. Bxf5 Nh6 34. h4 Qxf5 35. Rd8+ Bf8 36. Qxf5 Nxf5 37. Rxc8 Kg7 38. Rxf8 f1Q 39. c8Q Qf2+ 40. Kc1 Qe3+ 41. Kb1 Qb6+ 42. Ka2 Qa5+ 43. Kb3 Qb6+ 44. Kc2 Qf2+ 45. Kb1 Qb6+ 46. Ka1 Qg1+ 47. Nb1 Qa7+ 48. Kb2 Qd4+ 49. Kb3 Qd5+ 50. Kc2 Qe4+ 51. Kc1 Qe1+ 52. Kc2 Qe4+ 53. Kb2 Qb4+ 54. Kc2 1/2-1/2